Oiseaux de France - Statistiques

Statistiques générales
  • Ce quiz a été pris 702 fois
    684 depuis la dernière actualisation
  • Le résultat moyen est 17 sur 36
Statistiques - réponses
Par images Réponse % Correct
Canard Colvert
97%
Faisan
96%
Pigeon ramier
78%
Poule d'eau
78%
Bécasse
73%
Geai des chênes
65%
Grive musicienne
58%
Corneille noire
57%
Etourneau sansonnet
57%
Foulque macroule
57%
Corbeau freux
55%
Canard Souchet
54%
Vanneau huppé
54%
Oie cendrée
52%
Sarcelle d'hiver
49%
Bernache du Canada
47%
Sarcelle d'été
44%
Huîtrier pie
43%
Perdrix grise
43%
Fuligule Morillon
42%
Perdrix rouge
41%
Fuligule Milouin
39%
Bécassine des marais
38%
Grive draine
38%
Pigeon colombin
38%
Nette rousse
37%
Caille des blés
35%
Canard siffleur
34%
Canard pilet
33%
Chevalier gambette
33%
Grive litorne
31%
Canard Chipeau
29%
Grive mauvis
29%
Faisan vénéré
26%
Garrot à oeil d'or
24%
Pluvier doré
24%
Aucun quiz correspondant
Distribution des résultats
% des personnes avec chaque résultat
Percentile par nombre de réponses
Votre historique - résultats
Vous n’avez pas pris ce quiz depuis la dernière actualisation